Theory and practice of rice culture

Uloženo v:
Podrobná bibliografie
Médium: Kniha
Jazyk:Undetermined
Vydáno: Japan Tsukuba International Agricultural Training Centre
Témata:
Tagy: Přidat tag
Žádné tagy, Buďte první, kdo otaguje tento záznam!
Thư viện lưu trữ: Trung tâm Học liệu Trường Đại học Cần Thơ
LEADER 00438nam a2200145Ia 4500
001 CTU_38676
008 210402s9999 xx 000 0 und d
082 |a 633.188 
082 |b T396 
245 0 |a Theory and practice of rice culture 
260 |a Japan 
260 |b Tsukuba International Agricultural Training Centre 
650 |a rice,rice - planting 
904 |i Liên, 990811 
980 |a Trung tâm Học liệu Trường Đại học Cần Thơ